LIBRARY & INFORMATION CENTRE, KCAET, TAVANUR

ONLINE PUBLIC ACCESS CATALOGUE (OPAC)

Common Reader / (Record no. 847)

MARC details
000 -LEADER
fixed length control field 00453cam a2200193ua 4500
041 ## - LANGUAGE CODE
Language code of text/sound track or separate title eng
082 ## - DEWEY DECIMAL CLASSIFICATION NUMBER
Classification number 828.09
Item number WOO/CO
100 ## - MAIN ENTRY--AUTHOR NAME
Personal name Woolf, Virgina .
245 ## - TITLE STATEMENT
Title Common Reader /
250 ## - EDITION STATEMENT
Edition statement 1 /
260 ## - PUBLICATION, DISTRIBUTION, ETC. (IMPRINT)
Place of publication London :
Name of publisher The Hogarth press ,
Year of publication 1959.
300 ## - PHYSICAL DESCRIPTION
Number of Pages 270 ; .
942 ## - ADDED ENTRY ELEMENTS (KOHA)
Koha item type Books
Holdings
Withdrawn status Lost status Damaged status Home library Current library Date acquired Full call number Accession Number Koha item type Public note Cost, normal purchase price
Withdrawn     KAUAET Malayalam University 07/04/2012 828.09 6113 Books Transferred to Malayalam University  
Withdrawn     KAUAET Sanskrit University 07/04/2012 828.09 6114 Books Transferred to Sanskrit University  
Withdrawn     KAUAET Sanskrit University 07/04/2012 828.09 7033 Books Transferred to Sanskrit University 10.60
Withdrawn     KAUAET Sanskrit University 07/04/2012 828.09 7032 Books Transferred to Sanskrit University 10.60
free website counter